00403 2200157 4500001002100000005001500021008004100036020002200077035001900099082001100118090001700129100002000146245002600166260002800192300002500220INLIS00000000000709520241224113418241224||||||||| | ||| |||| ||  a978-979-692-182-9 0010-12240070950 a297.26 a297.26 BAY k0 aBayong Tjasyono00aKeajaiban planet bumi bRemaja Rosdakaryac2014 axiv, 165 hlm.; 24 cm